[Event "DVM U12 2023"]
[Site "Magdeburg GER"]
[Date "2023.12.27"]
[Round "1"]
[White "Mügschl, Frederick"]
[Black "Vorderbrüggen, Quinn"]
[Result "0-1"]
[Termination "normal"]
[Board "6.4"]
[WhiteElo "1097"]
[BlackElo "1126"]
[WhiteClock "01:16:23"]
[BlackClock "01:30:17"]
[WhiteTeam "TV Tegernsee"]
[BlackTeam "Hamburger SK 1830"]
[PlyCount "70"]
[WhiteFideId "34603450"]
[EventCountry "GER"]
[EventRounds "7"]
[EventType "team-swiss"]
[EventDate "2023.12.26"]

1. e4 {[%clk 01:30:57]} {[%emt 00:00:02]} e5 {[%clk 01:30:52]} {[%emt
00:00:09]} 2. Nf3 {[%clk 01:31:23]} {[%emt 00:00:04]} Nc6 {[%clk 01:30:52]}
{[%emt 00:00:31]} 3. d4 {[%clk 01:31:47]} {[%emt 00:00:06]} exd4 {[%clk
01:31:09]} {[%emt 00:00:12]} 4. Nxd4 {[%clk 01:32:08]} {[%emt 00:00:09]} Nf6
{[%clk 01:31:31]} {[%emt 00:00:07]} 5. Nc3 {[%clk 01:32:26]} {[%emt 00:00:13]}
Bb4 {[%clk 01:31:42]} {[%emt 00:00:18]} 6. Nxc6 {[%clk 01:31:38]} {[%emt
00:01:18]} bxc6 {[%clk 01:31:51]} {[%emt 00:00:20]} 7. Bd2 {[%clk 01:28:18]}
{[%emt 00:03:52]} d5 {[%clk 01:30:21]} {[%emt 00:01:59]} 8. a3 {[%clk
01:25:18]} {[%emt 00:03:30]} Bxc3 {[%clk 01:28:45]} {[%emt 00:02:07]} 9. Bxc3
{[%clk 01:24:52]} {[%emt 00:00:56]} O-O {[%clk 01:29:03]} {[%emt 00:00:12]} 10.
exd5 {[%clk 01:22:50]} {[%emt 00:02:33]} Re8+ {[%clk 01:27:47]} {[%emt
00:01:46]} 11. Be2 {[%clk 01:22:40]} {[%emt 00:00:39]} Ba6 {[%clk 01:27:24]}
{[%emt 00:00:52]} 12. Bxf6 {[%clk 01:21:33]} {[%emt 00:01:38]} Qxf6 {[%clk
01:27:33]} {[%emt 00:00:20]} 13. c4 {[%clk 01:21:37]} {[%emt 00:00:26]} Bxc4
{[%clk 01:27:36]} {[%emt 00:00:26]} 14. Qc2 {[%clk 01:16:29]} {[%emt 00:05:39]}
Rxe2+ {[%clk 01:27:34]} {[%emt 00:00:31]} 15. Qxe2 {[%clk 01:16:07]} {[%emt
00:00:52]} Bxe2 {[%clk 01:27:57]} {[%emt 00:00:06]} 16. Kxe2 {[%clk 01:16:29]}
{[%emt 00:00:09]} Re8+ {[%clk 01:28:22]} {[%emt 00:00:04]} 17. Kf1 {[%clk
01:16:13]} {[%emt 00:00:46]} Qxb2 {[%clk 01:26:41]} {[%emt 00:02:10]} 18. g3
{[%clk 01:15:19]} {[%emt 00:01:25]} Qxa1+ {[%clk 01:26:35]} {[%emt 00:00:35]}
19. Kg2 {[%clk 01:15:41]} {[%emt 00:00:09]} Re1 {[%clk 01:26:32]} {[%emt
00:00:32]} 20. Rxe1 {[%clk 01:15:56]} {[%emt 00:00:16]} Qxe1 {[%clk 01:26:52]}
{[%emt 00:00:10]} 21. dxc6 {[%clk 01:16:15]} {[%emt 00:00:11]} Qe4+ {[%clk
01:27:12]} {[%emt 00:00:09]} 22. f3 {[%clk 01:15:44]} {[%emt 00:01:02]} Qxc6
{[%clk 01:27:25]} {[%emt 00:00:16]} 23. a4 {[%clk 01:15:42]} {[%emt 00:00:32]}
Qd7 {[%clk 01:27:45]} {[%emt 00:00:10]} 24. f4 {[%emt 00:00:45]} c5 {[%clk
01:27:41]} {[%emt 00:00:26]} 25. f5 {[%clk 01:15:58]} {[%emt 00:00:07]} c4
{[%clk 01:28:02]} {[%emt 00:00:09]} 26. g4 {[%clk 01:16:02]} {[%emt 00:00:27]}
c3 {[%clk 01:28:23]} {[%emt 00:00:09]} 27. g5 {[%clk 01:16:29]} {[%emt
00:00:03]} c2 {[%clk 01:28:31]} {[%emt 00:00:21]} 28. g6 {[%clk 01:16:57]}
{[%emt 00:00:02]} c1=R {[%clk 01:28:16]} {[%emt 00:00:39]} 29. f6 {[%clk
01:17:11]} {[%emt 00:00:22]} Qd2+ {[%clk 01:28:32]} {[%emt 00:00:13]} 30. Kf3
{[%clk 01:16:50]} {[%emt 00:00:52]} Rc3+ {[%clk 01:28:52]} {[%emt 00:00:10]}
31. Ke4 {[%clk 01:17:07]} {[%emt 00:00:13]} Re3+ {[%clk 01:28:59]} {[%emt
00:00:23]} 32. Kf4 {[%clk 01:17:03]} {[%emt 00:00:35]} Qf2+ {[%clk 01:29:20]}
{[%emt 00:00:08]} 33. Kg4 {[%clk 01:17:08]} {[%emt 00:00:25]} Qf3+ {[%clk
01:29:35]} {[%emt 00:00:14]} 34. Kg5 {[%clk 01:16:28]} {[%emt 00:01:10]} h6+
{[%clk 01:29:49]} {[%emt 00:00:15]} 35. Kh4 {[%clk 01:16:23]} {[%emt 00:00:36]}
Re4# {[%clk 01:30:17]} {[%emt 00:00:02]} 0-1

[Event "DVM U12 2023"]
[Site "Magdeburg GER"]
[Date "2023.12.27"]
[Round "1"]
[White "Ensslen, Jakob"]
[Black "Derr, Oleg"]
[Result "0-1"]
[Termination "normal"]
[Board "7.1"]
[WhiteElo "1624"]
[BlackElo "1801"]
[WhiteClock "01:07:15"]
[BlackClock "01:05:11"]
[WhiteTeam "Karlsruher SF 1853"]
[BlackTeam "VSG 1880 Offenbach"]
[PlyCount "44"]
[WhiteFideId "34640258"]
[BlackFideId "34611517"]
[EventCountry "GER"]
[EventRounds "7"]
[EventType "team-swiss"]
[EventDate "2023.12.26"]

1. d4 {[%clk 01:30:55]} {[%emt 00:00:05]} Nf6 {[%clk 01:30:50]} {[%emt
00:00:09]} 2. Nf3 {[%clk 01:31:21]} {[%emt 00:00:05]} g6 {[%clk 01:31:00]}
{[%emt 00:00:20]} 3. Bf4 {[%clk 01:31:29]} {[%emt 00:00:22]} Bg7 {[%clk
01:31:18]} {[%emt 00:00:12]} 4. e3 {[%clk 01:31:40]} {[%emt 00:00:19]} O-O
{[%clk 01:31:35]} {[%emt 00:00:12]} 5. Bd3 {[%clk 01:31:55]} {[%emt 00:00:14]}
d6 {[%clk 01:29:48]} {[%emt 00:02:19]} 6. c3 {[%clk 01:31:27]} {[%emt
00:00:58]} Nc6 {[%clk 01:28:10]} {[%emt 00:02:08]} 7. Qc2 {[%clk 01:30:07]}
{[%emt 00:01:50]} Re8 {[%clk 01:26:54]} {[%emt 00:01:46]} 8. Nbd2 {[%clk
01:26:45]} {[%emt 00:03:51]} e5 {[%clk 01:25:27]} {[%emt 00:01:56]} 9. Bg3
{[%clk 01:25:13]} {[%emt 00:02:03]} exd4 {[%clk 01:23:11]} {[%emt 00:02:46]}
10. Nxd4 {[%clk 01:24:17]} {[%emt 00:01:26]} Nxd4 {[%clk 01:14:11]} {[%emt
00:09:30]} 11. cxd4 {[%clk 01:24:39]} {[%emt 00:00:08]} Nd5 {[%clk 01:14:34]}
{[%emt 00:00:07]} 12. a3 {[%clk 01:16:25]} {[%emt 00:08:45]} Bxd4 {[%clk
01:07:23]} {[%emt 00:07:40]} 13. Qc4 {[%clk 01:12:10]} {[%emt 00:04:45]} Bxb2
{[%clk 01:07:45]} {[%emt 00:00:08]} 14. Rb1 {[%clk 01:10:46]} {[%emt 00:01:54]}
Nb6 {[%clk 01:08:06]} {[%emt 00:00:09]} 15. Qb3 {[%clk 01:09:34]} {[%emt
00:01:41]} Bg7 {[%clk 01:07:55]} {[%emt 00:00:42]} 16. O-O {[%clk 01:09:26]}
{[%emt 00:00:38]} Be6 {[%clk 01:07:21]} {[%emt 00:01:04]} 17. Bc4 {[%clk
01:07:37]} {[%emt 00:02:19]} Nxc4 {[%clk 01:06:28]} {[%emt 00:01:23]} 18. Nxc4
{[%clk 01:08:01]} {[%emt 00:00:07]} Rb8 {[%clk 01:06:03]} {[%emt 00:00:54]} 19.
Qc2 {[%clk 01:08:05]} {[%emt 00:00:26]} Bf5 {[%clk 01:06:22]} {[%emt 00:00:10]}
20. Qa4 {[%clk 01:07:27]} {[%emt 00:01:08]} Bxb1 {[%clk 01:05:18]} {[%emt
00:01:34]} 21. Rxb1 {[%clk 01:07:48]} {[%emt 00:00:10]} b5 {[%clk 01:04:53]}
{[%emt 00:00:55]} 22. Rxb5 {[%clk 01:07:15]} {[%emt 00:01:04]} Qd7 {[%clk
01:05:11]} {[%emt 00:00:11]} 0-1

[Event "DVM U12 2023"]
[Site "Magdeburg GER"]
[Date "2023.12.27"]
[Round "1"]
[White "Zargaran, Sepas"]
[Black "Maier, Kalle"]
[Result "1-0"]
[Termination "normal"]
[Board "7.2"]
[WhiteElo "1636"]
[BlackElo "1436"]
[WhiteClock "01:01:17"]
[BlackClock "00:06:49"]
[WhiteTeam "VSG 1880 Offenbach"]
[BlackTeam "Karlsruher SF 1853"]
[PlyCount "67"]
[WhiteFideId "34625275"]
[BlackFideId "34669604"]
[EventCountry "GER"]
[EventRounds "7"]
[EventType "team-swiss"]
[EventDate "2023.12.26"]

1. e4 {[%clk 01:30:57]} {[%emt 00:00:03]} c5 {[%clk 01:30:51]} {[%emt
00:00:08]} 2. c3 {[%clk 01:31:22]} {[%emt 00:00:06]} d6 {[%clk 01:30:46]}
{[%emt 00:00:34]} 3. d4 {[%clk 01:31:45]} {[%emt 00:00:08]} cxd4 {[%clk
01:30:46]} {[%emt 00:00:29]} 4. cxd4 {[%clk 01:32:06]} {[%emt 00:00:09]} Nf6
{[%clk 01:30:51]} {[%emt 00:00:25]} 5. Nc3 {[%clk 01:32:24]} {[%emt 00:00:12]}
a6 {[%clk 01:30:39]} {[%emt 00:00:42]} 6. Nf3 {[%clk 01:32:05]} {[%emt
00:00:49]} e6 {[%clk 01:30:02]} {[%emt 00:01:07]} 7. d5 {[%clk 01:30:17]}
{[%emt 00:02:19]} e5 {[%clk 01:26:19]} {[%emt 00:04:12]} 8. h3 {[%clk
01:29:31]} {[%emt 00:01:14]} Be7 {[%clk 01:23:52]} {[%emt 00:03:00]} 9. Be2
{[%clk 01:27:07]} {[%emt 00:02:53]} O-O {[%clk 01:19:41]} {[%emt 00:04:41]} 10.
O-O {[%clk 01:27:31]} {[%emt 00:00:06]} Nbd7 {[%clk 01:14:35]} {[%emt
00:05:35]} 11. Be3 {[%clk 01:27:38]} {[%emt 00:00:23]} b5 {[%clk 01:10:01]}
{[%emt 00:05:04]} 12. b4 {[%clk 01:27:23]} {[%emt 00:00:45]} Nb6 {[%clk
01:04:59]} {[%emt 00:05:32]} 13. Nd2 {[%clk 01:25:57]} {[%emt 00:01:57]} Bd7
{[%clk 01:01:20]} {[%emt 00:04:08]} 14. f3 {[%clk 01:24:42]} {[%emt 00:01:45]}
Qb8 {[%clk 00:51:35]} {[%emt 00:10:15]} 15. Qb3 {[%clk 01:22:23]} {[%emt
00:02:50]} Rc8 {[%clk 00:46:05]} {[%emt 00:05:59]} 16. Rfc1 {[%clk 01:21:14]}
{[%emt 00:01:40]} Qc7 {[%clk 00:37:53]} {[%emt 00:08:43]} 17. Rc2 {[%clk
01:18:13]} {[%emt 00:03:31]} Na4 {[%clk 00:32:49]} {[%emt 00:05:34]} 18. Rac1
{[%clk 01:17:45]} {[%emt 00:00:57]} Nxc3 {[%clk 00:31:32]} {[%emt 00:01:48]}
19. Rxc3 {[%clk 01:16:34]} {[%emt 00:01:41]} Qb7 {[%clk 00:29:36]} {[%emt
00:02:26]} 20. Kh2 {[%clk 01:08:24]} {[%emt 00:08:40]} Rxc3 {[%clk 00:26:44]}
{[%emt 00:03:22]} 21. Rxc3 {[%clk 01:08:47]} {[%emt 00:00:07]} a5 {[%clk
00:23:32]} {[%emt 00:03:42]} 22. bxa5 {[%clk 01:05:52]} {[%emt 00:03:25]} Rxa5
{[%clk 00:22:09]} {[%emt 00:01:52]} 23. Nc4 {[%clk 01:04:56]} {[%emt 00:01:27]}
Ra8 {[%clk 00:18:07]} {[%emt 00:04:28]} 24. Na3 {[%clk 01:03:37]} {[%emt
00:01:52]} b4 {[%clk 00:14:45]} {[%emt 00:03:53]} 25. Nc2 {[%clk 01:04:05]}
{[%emt 00:00:02]} Rb8 {[%clk 00:11:07]} {[%emt 00:04:06]} 26. Rc4 {[%clk
01:02:19]} {[%emt 00:02:18]} Qa8 {[%clk 00:08:08]} {[%emt 00:03:29]} 27. Rxb4
{[%clk 01:01:08]} {[%emt 00:01:41]} Rxb4 {[%clk 00:08:13]} {[%emt 00:00:25]}
28. Nxb4 {[%clk 01:01:12]} {[%emt 00:00:27]} Ba4 {[%clk 00:08:12]} {[%emt
00:00:31]} 29. Qa3 {[%clk 01:01:29]} {[%emt 00:00:13]} Bc6 {[%clk 00:07:48]}
{[%emt 00:00:54]} 30. Qxa8+ {[%clk 01:01:37]} {[%emt 00:00:22]} Bxa8 {[%clk
00:08:08]} {[%emt 00:00:10]} 31. Bb6 {[%clk 01:01:59]} {[%emt 00:00:08]} Nd7
{[%clk 00:07:47]} {[%emt 00:00:50]} 32. Bc7 {[%clk 01:01:24]} {[%emt 00:01:03]}
Nc5 {[%clk 00:07:41]} {[%emt 00:00:39]} 33. Bb5 {[%clk 01:01:19]} {[%emt
00:00:35]} Bb7 {[%clk 00:06:49]} {[%emt 00:01:23]} 34. a4 {[%clk 01:01:17]}
{[%emt 00:00:31]} 1-0

[Event "DVM U12 2023"]
[Site "Magdeburg GER"]
[Date "2023.12.27"]
[Round "1"]
[White "Müller, Maximilian"]
[Black "Papadopoulos, Kyriakos"]
[Result "1-0"]
[Termination "normal"]
[Board "7.3"]
[WhiteElo "1250"]
[BlackElo "1465"]
[WhiteClock "00:46:07"]
[BlackClock "00:56:32"]
[WhiteTeam "Karlsruher SF 1853"]
[BlackTeam "VSG 1880 Offenbach"]
[PlyCount "45"]
[WhiteFideId "34640282"]
[BlackFideId "34630732"]
[EventCountry "GER"]
[EventRounds "7"]
[EventType "team-swiss"]
[EventDate "2023.12.26"]

1. e4 {[%clk 01:30:59]} {[%emt 00:00:01]} e5 {[%clk 01:30:57]} {[%emt
00:00:03]} 2. Nf3 {[%clk 01:31:22]} {[%emt 00:00:09]} Nc6 {[%clk 01:31:14]}
{[%emt 00:00:14]} 3. Bc4 {[%clk 01:31:43]} {[%emt 00:00:07]} Nf6 {[%clk
01:31:36]} {[%emt 00:00:07]} 4. d3 {[%clk 01:32:03]} {[%emt 00:00:11]} h6
{[%clk 01:31:52]} {[%emt 00:00:13]} 5. Nc3 {[%clk 01:32:22]} {[%emt 00:00:10]}
Bc5 {[%clk 01:32:11]} {[%emt 00:00:11]} 6. Qe2 {[%clk 01:32:06]} {[%emt
00:00:47]} d6 {[%clk 01:32:20]} {[%emt 00:00:21]} 7. h3 {[%clk 01:32:24]}
{[%emt 00:00:11]} Qe7 {[%clk 01:32:17]} {[%emt 00:00:33]} 8. Be3 {[%clk
01:32:22]} {[%emt 00:00:32]} Bb6 {[%clk 01:32:20]} {[%emt 00:00:28]} 9. O-O
{[%clk 01:30:53]} {[%emt 00:01:58]} Be6 {[%clk 01:31:07]} {[%emt 00:01:42]} 10.
Bb3 {[%clk 01:30:51]} {[%emt 00:00:32]} O-O {[%clk 01:31:21]} {[%emt 00:00:16]}
11. Qd2 {[%clk 01:26:20]} {[%emt 00:05:01]} Nd7 {[%clk 01:24:17]} {[%emt
00:07:34]} 12. Qe2 {[%clk 01:19:22]} {[%emt 00:07:28]} Nc5 {[%clk 01:16:42]}
{[%emt 00:08:05]} 13. Nd2 {[%clk 01:17:01]} {[%emt 00:02:51]} Nxb3 {[%clk
01:16:19]} {[%emt 00:00:54]} 14. Nxb3 {[%clk 01:16:42]} {[%emt 00:00:49]} Qf6
{[%clk 01:15:42]} {[%emt 00:01:06]} 15. Kh1 {[%clk 01:08:22]} {[%emt 00:08:50]}
Qh4 {[%clk 01:14:25]} {[%emt 00:01:47]} 16. Bxb6 {[%clk 01:04:37]} {[%emt
00:04:15]} axb6 {[%clk 01:14:24]} {[%emt 00:00:32]} 17. Qe3 {[%clk 00:59:27]}
{[%emt 00:05:40]} f5 {[%clk 01:14:06]} {[%emt 00:00:47]} 18. f4 {[%clk
00:54:07]} {[%emt 00:05:50]} fxe4 {[%clk 01:00:55]} {[%emt 00:13:41]} 19. fxe5
{[%clk 00:53:10]} {[%emt 00:01:28]} Nxe5 {[%clk 01:00:25]} {[%emt 00:00:59]}
20. Qxe4 {[%clk 00:51:05]} {[%emt 00:02:36]} Bxh3 {[%clk 00:58:35]} {[%emt
00:02:20]} 21. Qxh4 {[%clk 00:49:45]} {[%emt 00:01:50]} Bg4 {[%clk 00:56:50]}
{[%emt 00:02:14]} 22. d4 {[%clk 00:46:41]} {[%emt 00:03:34]} Rf5 {[%clk
00:56:32]} {[%emt 00:00:48]} 23. Rxf5 {[%clk 00:46:07]} {[%emt 00:01:05]} 1-0

[Event "DVM U12 2023"]
[Site "Magdeburg GER"]
[Date "2023.12.27"]
[Round "1"]
[White "Kollmer, Otto"]
[Black "He, Fabian"]
[Result "1-0"]
[Termination "normal"]
[Board "7.4"]
[WhiteElo "1029"]
[BlackElo "993"]
[WhiteClock "01:25:37"]
[BlackClock "01:27:40"]
[WhiteTeam "VSG 1880 Offenbach"]
[BlackTeam "Karlsruher SF 1853"]
[PlyCount "31"]
[WhiteFideId "34660712"]
[BlackFideId "34681779"]
[EventCountry "GER"]
[EventRounds "7"]
[EventType "team-swiss"]
[EventDate "2023.12.26"]

1. e4 {[%clk 01:30:57]} {[%emt 00:00:03]} e5 {[%clk 01:30:53]} {[%emt
00:00:07]} 2. Nf3 {[%clk 01:31:18]} {[%emt 00:00:07]} Nc6 {[%clk 01:31:15]}
{[%emt 00:00:08]} 3. d4 {[%clk 01:31:39]} {[%emt 00:00:09]} f6 {[%clk
01:30:47]} {[%emt 00:00:58]} 4. Bc4 {[%clk 01:31:39]} {[%emt 00:00:29]} Nge7
{[%clk 01:29:57]} {[%emt 00:01:21]} 5. dxe5 {[%clk 01:31:33]} {[%emt 00:00:36]}
fxe5 {[%clk 01:30:02]} {[%emt 00:00:25]} 6. Nc3 {[%clk 01:31:28]} {[%emt
00:00:34]} d6 {[%clk 01:30:01]} {[%emt 00:00:32]} 7. Bg5 {[%clk 01:31:35]}
{[%emt 00:00:21]} h6 {[%clk 01:29:54]} {[%emt 00:00:41]} 8. Bh4 {[%clk
01:31:58]} {[%emt 00:00:07]} g5 {[%clk 01:30:14]} {[%emt 00:00:08]} 9. Bg3
{[%clk 01:32:12]} {[%emt 00:00:15]} g4 {[%clk 01:30:25]} {[%emt 00:00:19]} 10.
Nd2 {[%clk 01:30:59]} {[%emt 00:01:43]} b6 {[%clk 01:30:31]} {[%emt 00:00:25]}
11. h3 {[%clk 01:28:36]} {[%emt 00:02:52]} gxh3 {[%clk 01:30:29]} {[%emt
00:00:32]} 12. Qh5+ {[%clk 01:28:24]} {[%emt 00:00:40]} Kd7 {[%clk 01:29:13]}
{[%emt 00:01:48]} 13. Qxh3+ {[%clk 01:27:33]} {[%emt 00:01:22]} Ke8 {[%clk
01:29:17]} {[%emt 00:00:24]} 14. Qh5+ {[%clk 01:27:49]} {[%emt 00:00:14]} Kd7
{[%clk 01:29:35]} {[%emt 00:00:13]} 15. Nd5 {[%clk 01:25:56]} {[%emt 00:02:21]}
Qe8 {[%clk 01:27:40]} {[%emt 00:02:27]} 16. Nf6+ {[%clk 01:25:37]} {[%emt
00:00:48]} 1-0

[Event "DVM U12 2023"]
[Site "Magdeburg GER"]
[Date "2023.12.27"]
[Round "1"]
[White "Ramming, Moritz"]
[Black "Vlach, Ludwig"]
[Result "1-0"]
[Termination "normal"]
[Board "8.1"]
[WhiteElo "1629"]
[BlackElo "1363"]
[WhiteClock "01:17:51"]
[BlackClock "01:12:01"]
[WhiteTeam "SK Kelheim 1920"]
[BlackTeam "SG Trier 1877"]
[PlyCount "135"]
[WhiteFideId "34618198"]
[BlackFideId "4007344"]
[EventCountry "GER"]
[EventRounds "7"]
[EventType "team-swiss"]
[EventDate "2023.12.26"]

1. e4 {[%clk 01:30:48]} {[%emt 00:00:11]} e6 {[%clk 01:30:53]} {[%emt
00:00:09]} 2. d4 {[%clk 01:31:12]} {[%emt 00:00:07]} d5 {[%clk 01:31:11]}
{[%emt 00:00:11]} 3. Nd2 {[%clk 01:31:37]} {[%emt 00:00:05]} dxe4 {[%clk
01:31:31]} {[%emt 00:00:11]} 4. Nxe4 {[%clk 01:31:56]} {[%emt 00:00:09]} Nd7
{[%clk 01:31:57]} {[%emt 00:00:04]} 5. Be3 {[%clk 01:32:05]} {[%emt 00:00:22]}
Ngf6 {[%clk 01:32:14]} {[%emt 00:00:13]} 6. Nxf6+ {[%clk 01:32:25]} {[%emt
00:00:11]} Nxf6 {[%clk 01:32:28]} {[%emt 00:00:15]} 7. Nf3 {[%clk 01:32:03]}
{[%emt 00:00:52]} Bd6 {[%clk 01:31:10]} {[%emt 00:01:48]} 8. Bd3 {[%clk
01:28:00]} {[%emt 00:04:32]} b6 {[%clk 01:29:04]} {[%emt 00:02:37]} 9. O-O
{[%clk 01:22:14]} {[%emt 00:06:14]} Bb7 {[%clk 01:27:38]} {[%emt 00:01:56]} 10.
c4 {[%clk 01:20:17]} {[%emt 00:02:27]} c5 {[%clk 01:26:40]} {[%emt 00:01:29]}
11. dxc5 {[%clk 01:17:44]} {[%emt 00:03:03]} Bxc5 {[%clk 01:22:04]} {[%emt
00:05:05]} 12. Bxc5 {[%clk 01:15:10]} {[%emt 00:03:04]} Bxf3 {[%clk 01:21:14]}
{[%emt 00:01:20]} 13. Qxf3 {[%clk 01:10:08]} {[%emt 00:05:31]} bxc5 {[%clk
01:21:19]} {[%emt 00:00:26]} 14. Qc6+ {[%clk 01:10:06]} {[%emt 00:00:32]} Nd7
{[%clk 01:21:37]} {[%emt 00:00:12]} 15. Rad1 {[%clk 01:10:30]} {[%emt
00:00:07]} O-O {[%clk 01:18:32]} {[%emt 00:03:34]} 16. Qxd7 {[%clk 01:09:17]}
{[%emt 00:01:43]} Qxd7 {[%clk 01:18:37]} {[%emt 00:00:26]} 17. Bxh7+ {[%clk
01:09:40]} {[%emt 00:00:06]} Kxh7 {[%clk 01:18:53]} {[%emt 00:00:14]} 18. Rxd7
{[%clk 01:10:03]} {[%emt 00:00:07]} f6 {[%clk 01:18:34]} {[%emt 00:00:49]} 19.
Rfd1 {[%clk 01:09:43]} {[%emt 00:00:49]} Kg6 {[%clk 01:17:39]} {[%emt
00:01:25]} 20. h3 {[%clk 01:09:24]} {[%emt 00:00:49]} Rf7 {[%clk 01:14:39]}
{[%emt 00:03:30]} 21. Rxf7 {[%clk 01:09:21]} {[%emt 00:00:33]} Kxf7 {[%clk
01:14:50]} {[%emt 00:00:18]} 22. Rd7+ {[%clk 01:09:46]} {[%emt 00:00:05]} Kg6
{[%clk 01:15:00]} {[%emt 00:00:20]} 23. Rc7 {[%clk 01:10:09]} {[%emt 00:00:07]}
Rb8 {[%clk 01:15:18]} {[%emt 00:00:12]} 24. b3 {[%clk 01:10:21]} {[%emt
00:00:18]} Kf5 {[%clk 01:14:00]} {[%emt 00:01:49]} 25. Rxc5+ {[%clk 01:10:25]}
{[%emt 00:00:25]} Ke4 {[%clk 01:13:52]} {[%emt 00:00:38]} 26. Rc7 {[%clk
01:10:46]} {[%emt 00:00:09]} a5 {[%clk 01:14:13]} {[%emt 00:00:09]} 27. Ra7
{[%clk 01:11:09]} {[%emt 00:00:07]} Kd3 {[%clk 01:13:27]} {[%emt 00:01:14]} 28.
Rxa5 {[%clk 01:11:30]} {[%emt 00:00:11]} Kc3 {[%clk 01:13:13]} {[%emt
00:00:44]} 29. c5 {[%clk 01:09:30]} {[%emt 00:02:31]} Kb4 {[%clk 01:12:34]}
{[%emt 00:01:10]} 30. Ra7 {[%clk 01:09:41]} {[%emt 00:00:18]} Kxc5 {[%clk
01:12:39]} {[%emt 00:00:23]} 31. Rxg7 {[%clk 01:10:02]} {[%emt 00:00:11]} Kd5
{[%clk 01:12:31]} {[%emt 00:00:38]} 32. h4 {[%clk 01:10:14]} {[%emt 00:00:17]}
Rh8 {[%clk 01:12:27]} {[%emt 00:00:35]} 33. g3 {[%clk 01:10:33]} {[%emt
00:00:11]} Rh5 {[%clk 01:11:30]} {[%emt 00:01:27]} 34. Rd7+ {[%clk 01:09:10]}
{[%emt 00:01:53]} Kc5 {[%clk 01:11:10]} {[%emt 00:00:50]} 35. Kg2 {[%clk
01:09:18]} {[%emt 00:00:22]} f5 {[%clk 01:11:15]} {[%emt 00:00:26]} 36. Kh3
{[%clk 01:09:27]} {[%emt 00:00:20]} Rh8 {[%clk 01:11:11]} {[%emt 00:00:35]} 37.
g4 {[%clk 01:09:29]} {[%emt 00:00:27]} fxg4+ {[%clk 01:10:59]} {[%emt
00:00:43]} 38. Kxg4 {[%clk 01:09:57]} {[%emt 00:00:02]} Rg8+ {[%clk 01:11:16]}
{[%emt 00:00:13]} 39. Kh3 {[%clk 01:08:59]} {[%emt 00:01:28]} Rf8 {[%clk
01:11:35]} {[%emt 00:00:12]} 40. Rd2 {[%clk 01:09:17]} {[%emt 00:00:12]} e5
{[%clk 01:11:10]} {[%emt 00:00:55]} 41. h5 {[%clk 01:09:39]} {[%emt 00:00:08]}
Rh8 {[%clk 01:10:55]} {[%emt 00:00:45]} 42. Kg4 {[%clk 01:09:53]} {[%emt
00:00:15]} Rg8+ {[%clk 01:10:23]} {[%emt 00:01:01]} 43. Kf5 {[%clk 01:10:22]}
Rh8 {[%clk 01:10:25]} {[%emt 00:00:30]} 44. Kg6 {[%clk 01:10:48]} {[%emt
00:00:05]} Ra8 {[%clk 01:10:38]} {[%emt 00:00:17]} 45. h6 {[%clk 01:10:39]}
{[%emt 00:00:39]} Ra6+ {[%clk 01:10:04]} {[%emt 00:01:04]} 46. Kh5 {[%clk
01:10:57]} {[%emt 00:00:11]} e4 {[%clk 01:10:14]} {[%emt 00:00:21]} 47. h7
{[%clk 01:11:06]} {[%emt 00:00:21]} Ra8 {[%clk 01:10:31]} {[%emt 00:00:13]} 48.
Rd7 {[%clk 01:11:34]} {[%emt 00:00:02]} Kc6 {[%clk 01:10:31]} {[%emt 00:00:30]}
49. Rg7 {[%clk 01:12:01]} {[%emt 00:00:04]} Rh8 {[%clk 01:10:25]} {[%emt
00:00:36]} 50. Kh6 {[%clk 01:12:23]} {[%emt 00:00:08]} Rf8 {[%clk 01:10:21]}
{[%emt 00:00:34]} 51. Rg8 {[%clk 01:12:38]} {[%emt 00:00:14]} Rxf2 {[%clk
01:10:19]} {[%emt 00:00:32]} 52. h8=Q {[%clk 01:12:55]} {[%emt 00:00:13]} Rh2
{[%clk 01:10:27]} {[%emt 00:00:23]} 53. Kg5 {[%clk 01:13:15]} {[%emt 00:00:09]}
Rxh8 {[%clk 01:10:26]} {[%emt 00:00:31]} 54. Rxh8 {[%clk 01:13:39]} {[%emt
00:00:06]} e3 {[%clk 01:10:45]} {[%emt 00:00:11]} 55. a4 {[%clk 01:14:02]}
{[%emt 00:00:07]} e2 {[%clk 01:10:08]} {[%emt 00:01:07]} 56. Re8 {[%clk
01:14:25]} {[%emt 00:00:07]} e1=Q {[%clk 01:10:03]} {[%emt 00:00:16]} 57. Rxe1
{[%clk 01:14:52]} {[%emt 00:00:23]} Kc5 {[%clk 01:10:24]} {[%emt 00:00:09]} 58.
a5 {[%clk 01:15:08]} {[%emt 00:00:14]} Kb5 {[%clk 01:10:45]} {[%emt 00:00:09]}
59. Ra1 {[%clk 01:15:34]} {[%emt 00:00:03]} Ka6 {[%clk 01:11:05]} {[%emt
00:00:10]} 60. b4 {[%clk 01:16:03]} Kb7 {[%clk 01:10:50]} {[%emt 00:00:45]} 61.
a6+ {[%clk 01:15:50]} {[%emt 00:00:43]} Ka7 {[%clk 01:10:57]} {[%emt 00:00:23]}
62. b5 {[%clk 01:15:55]} {[%emt 00:00:25]} Kb8 {[%clk 01:11:09]} {[%emt
00:00:18]} 63. a7+ {[%clk 01:16:16]} {[%emt 00:00:08]} Ka8 {[%clk 01:11:16]}
{[%emt 00:00:23]} 64. Ra6 {[%clk 01:16:41]} {[%emt 00:00:06]} Kb7 {[%clk
01:11:31]} {[%emt 00:00:15]} 65. a8=Q+ {[%clk 01:17:07]} {[%emt 00:00:04]} Kc7
{[%clk 01:11:35]} {[%emt 00:00:25]} 66. Qa7+ {[%clk 01:17:26]} {[%emt
00:00:11]} Kc8 {[%clk 01:11:48]} {[%emt 00:00:15]} 67. Rb6 {[%clk 01:17:51]}
{[%emt 00:00:07]} Kd8 {[%clk 01:12:01]} {[%emt 00:00:17]} 68. Rb8# {[%emt
00:00:05]} 1-0